UM Logo

Probability and statistics: (Record no. 217)

MARC details
000 -LEADER
fixed length control field 00686nam a22001937a 4500
008 - FIXED-LENGTH DATA ELEMENTS--GENERAL INFORMATION
fixed length control field 151110b xxu||||| |||| 00| 0 eng d
020 ## - INTERNATIONAL STANDARD BOOK NUMBER
International Standard Book Number 9781482219777
082 ## - DEWEY DECIMAL CLASSIFICATION NUMBER
Edition number 2014
Classification number DC 519.2
Item number P962
100 ## - MAIN ENTRY--PERSONAL NAME
9 (RLIN) 409
Personal name Barragues, Jose I.
Relator term Editor
245 ## - TITLE STATEMENT
Title Probability and statistics:
Remainder of title A didactic introduction/
Statement of responsibility, etc. Jose I. Barragues, Adolfo Morais, and Jenaro Guisasola, editors
260 ## - PUBLICATION, DISTRIBUTION, ETC. (IMPRINT)
Place of publication, distribution, etc. Boca Raton, FL:
Name of publisher, distributor, etc. CRC Press,
Date of publication, distribution, etc. c2014
300 ## - PHYSICAL DESCRIPTION
Extent vii, 480 pages:
Other physical details illustrations;
Dimensions 24 cm.
500 ## - GENERAL NOTE
General note Includes index.
650 #0 - SUBJECT ADDED ENTRY--TOPICAL TERM
9 (RLIN) 403
Topical term or geographic name as entry element Probabilities
650 #0 - SUBJECT ADDED ENTRY--TOPICAL TERM
9 (RLIN) 405
Topical term or geographic name as entry element Mathematical statistics
700 ## - ADDED ENTRY--PERSONAL NAME
9 (RLIN) 406
Personal name Adolfo Morais
Relator term Editor
700 ## - ADDED ENTRY--PERSONAL NAME
9 (RLIN) 407
Personal name Jenaro Guisasola
Relator term Editor
942 ## - ADDED ENTRY ELEMENTS (KOHA)
Source of classification or shelving scheme Dewey Decimal Classification
Koha item type Circulation
Holdings
Withdrawn status Lost status Source of classification or shelving scheme Damaged status Not for loan Collection code Home library Current library Shelving location Date acquired Source of acquisition Total Checkouts Full call number Barcode Date last seen Date last checked out Copy number Price effective from Koha item type
    Dewey Decimal Classification     Circulation UM Digos College - LIC UM Digos College - LIC Book Cart 08/28/2015 Purhcased 1 DC 519.2 P962 2014 23700 05/15/2025 08/25/2020 1 11/10/2015 Circulation